[Event "II Open"]
[Site "Bolzano - Bozen ITA"]
[Date "2007.05.26"]
[Round "3"]
[White "Pivovarov, Michail"]
[Black "Pretto, Aldo"]
[Result "1-0"]
[WhiteElo "1973"]
[BlackElo "1491"]
[PlyCount "73"]
[EventDate "2007.05.25"]

1. b4 Nc6 2. a3 Nf6 3. c4 g6 4. Bb2 Bg7 5. Nf3 b6 6. d4 d5 7. e3 O-O 8. Nc3 Re8
9. Qb3 Be6 10. Ng5 dxc4 11. Qa2 Bc8 12. Nxf7 Kxf7 13. Qxc4+ Kf8 14. Qxc6 Bd7
15. Qf3 Bg4 16. Qf4 Qd6 17. Qg5 a6 18. Bd3 e5 19. Ne4 Nxe4 20. Bxe4 Bf5 21.
Bxf5 gxf5 22. Qxf5+ Qf6 23. Qxf6+ Bxf6 24. d5 Kf7 25. Rc1 Rac8 26. Rc6 Red8 27.
e4 Rd6 28. Rc2 c6 29. Ke2 c5 30. Rhc1 Bg5 31. Bxe5 Bxc1 32. Bxd6 Bxa3 33. bxc5
Bxc5 34. Kd3 Ke8 35. Bxc5 bxc5 36. Ra2 c4+ 37. Kc3 1-0

[Event "II Open"]
[Site "Bolzano - Bozen ITA"]
[Date "2007.05.26"]
[Round "3"]
[White "Raich, Dominik"]
[Black "Wendel, Liu"]
[Result "0-1"]
[WhiteElo "1440"]
[BlackElo "1404"]
[PlyCount "82"]
[EventDate "2007.05.25"]

1. e4 e5 2. Nf3 Nc6 3. Bc4 Be7 4. Nc3 d6 5. d3 Bg4 6. h3 Bh5 7. O-O Nd4 8. g4
Nxf3+ 9. Qxf3 Bg6 10. Be3 Nf6 11. h4 h6 12. h5 Bh7 13. Nd5 O-O 14. Qg3 c6 15.
Nc3 a5 16. a3 d5 17. exd5 cxd5 18. Nxd5 Nxd5 19. Qxe5 Nxe3 20. Qxe3 Bd6 21. Bd5
Qh4 22. f4 Qxg4+ 23. Bg2 Rae8 24. Qd4 Re2 25. Rf2 Rxf2 26. Qxf2 Bxf4 27. Re1
Bg3 28. Qe3 Bxe1 29. Qxe1 Qxh5 30. Bxb7 Qc5+ 31. Kh2 Qc7+ 32. Kg1 Qxb7 33. b3
Qc8 34. Qd2 Re8 35. b4 Qg4+ 36. Kf2 Qh4+ 37. Kf3 Bg6 38. Kg2 Re1 39. bxa5 Bh5
40. Qb4 Qh1+ 41. Kf2 Qg1# 0-1

[Event "II Open"]
[Site "Bolzano - Bozen ITA"]
[Date "2007.05.26"]
[Round "3"]
[White "Rinaldo, Gaetano"]
[Black "Gasparro, Antonio"]
[Result "1-0"]
[WhiteElo "1700"]
[BlackElo "1473"]
[PlyCount "89"]
[EventDate "2007.05.25"]

1. e4 e6 2. d4 d5 3. Nc3 Bb4 4. e5 Ne7 5. a3 Bxc3+ 6. bxc3 c5 7. a4 Qc7 8. Qd2
O-O 9. Ba3 Nd7 10. Nf3 b6 11. Bd3 f6 12. exf6 Nxf6 13. O-O Ng4 14. h3 Rxf3 15.
hxg4 Rf8 16. dxc5 bxc5 17. Qe3 c4 18. Be2 Rf6 19. Bxe7 Qxe7 20. Qe5 a5 21. Bf3
Bb7 22. Rfb1 Raf8 23. Rb6 Rh6 24. Rab1 Ba8 25. Rb8 Rhf6 26. R8b5 Qa3 27. Rxa5
Qa2 28. Rb8 Rxb8 29. Qxb8+ Rf8 30. Qe5 Qb1+ 31. Kh2 Qxc2 32. Qxe6+ Kh8 33. Qe7
Kg8 34. Rxd5 Qg6 35. Rd8 Qh6+ 36. Kg1 Qc1+ 37. Bd1 Qf4 38. Rxf8+ Qxf8 39. Qxf8+
Kxf8 40. Bf3 Bxf3 41. gxf3 Ke8 42. Kf1 Kd7 43. Ke2 Kc6 44. Ke3 Kb6 45. Kd4 1-0

[Event "II Open"]
[Site "Bolzano - Bozen ITA"]
[Date "2007.05.26"]
[Round "3"]
[White "Sader, Michael"]
[Black "Kaserer, Hans-Peter"]
[Result "1-0"]
[WhiteElo "2259"]
[BlackElo "1982"]
[PlyCount "47"]
[EventDate "2007.05.25"]

1. Nf3 Nf6 2. c4 d5 3. cxd5 Nxd5 4. Nc3 e6 5. g3 Be7 6. Bg2 Nc6 7. O-O O-O 8.
d4 Bb4 9. Qc2 Re8 10. e4 Nf6 11. Rd1 Bd7 12. e5 Ng4 13. h3 Nh6 14. g4 Be7 15.
a3 Kh8 16. Ne4 Qc8 17. Neg5 g6 18. Qd2 Bf8 19. Qf4 Re7 20. Qg3 Bg7 21. Qh4 Qg8
22. Ne4 Qf8 23. Nf6 Bc8 24. Bxh6 1-0

[Event "II Open"]
[Site "Bolzano - Bozen ITA"]
[Date "2007.05.26"]
[Round "3"]
[White "Wieser, Christof"]
[Black "Sinner, Armin"]
[Result "0-1"]
[WhiteElo "1308"]
[BlackElo "1506"]
[PlyCount "38"]
[EventDate "2007.05.25"]

1. e4 c5 2. Bc4 d6 3. Nf3 Nf6 4. Ng5 e6 5. Qf3 Be7 6. Bb5+ Bd7 7. Bxd7+ Nbxd7
8. c3 h6 9. e5 Nxe5 10. Qxb7 hxg5 11. d4 Nd3+ 12. Kd1 Nxf2+ 13. Ke1 Nxh1 14.
Qc6+ Kf8 15. Bxg5 cxd4 16. g4 dxc3 17. Nxc3 d5 18. Bxf6 Bxf6 19. Qd6+ Qxd6 0-1

[Event "II Open"]
[Site "Bolzano - Bozen ITA"]
[Date "2007.05.26"]
[Round "3"]
[White "Wieser, Josef"]
[Black "Facchetti, Lorenzo"]
[Result "1-0"]
[WhiteElo "1605"]
[BlackElo "1440"]
[PlyCount "29"]
[EventDate "2007.05.25"]

1. e4 e6 2. d4 d5 3. exd5 exd5 4. Nf3 Nf6 5. Be2 Be7 6. O-O O-O 7. Nc3 Be6 8.
Ne5 Nbd7 9. f4 Nxe5 10. fxe5 Nd7 11. Be3 f6 12. Bg4 Bxg4 13. Qxg4 c6 14. Bh6
Rf7 15. e6 1-0

[Event "II Open"]
[Site "Bolzano - Bozen ITA"]
[Date "2007.05.27"]
[Round "4"]
[White "Buglisi, Massimo"]
[Black "Pivovarov, Michail"]
[Result "1/2-1/2"]
[WhiteElo "1650"]
[BlackElo "1973"]
[PlyCount "193"]
[EventDate "2007.05.25"]

1. d4 Nf6 2. c4 d5 3. cxd5 g6 4. Nc3 Nxd5 5. e4 Nxc3 6. bxc3 Bg7 7. Bc4 O-O 8.
Be3 c5 9. Ne2 Nc6 10. Rc1 Na5 11. Bd3 c4 12. Bc2 Bd7 13. O-O e6 14. e5 Bc6 15.
Ng3 Qe7 16. Qd2 b6 17. Bg5 Qb7 18. f3 f5 19. exf6 Bxf6 20. Ne4 Bg7 21. Bh6 Qd7
22. Bxg7 Kxg7 23. Qf2 Rf4 24. Rce1 Raf8 25. Ng5 Bd5 26. Re5 Nb7 27. Rfe1 Nd8
28. Qg3 R8f6 29. h4 Nf7 30. Nxe6+ Bxe6 31. Rxe6 Rxe6 32. Rxe6 Qxe6 33. Qxf4 Qf6
34. Qxf6+ Kxf6 35. Kf2 Nd6 36. a4 a5 37. Ke3 Nc8 38. g4 h6 39. Be4 g5 40. hxg5+
hxg5 41. Bd5 Nd6 42. f4 gxf4+ 43. Kxf4 b5 44. axb5 a4 45. g5+ Kg7 46. b6 a3 47.
Bxc4 Nxc4 48. b7 a2 49. b8=Q a1=Q 50. Qc7+ Kg6 51. Qc6+ Kg7 52. Qxc4 Qc1+ 53.
Ke4 Qh1+ 54. Ke5 Qh2+ 55. Kd5 Qg2+ 56. Kd6 Qxg5 57. Qe6 Qc1 58. c4 Qb2 59. Qe5+
Kg6 60. Kc6 Qa2 61. Qb5 Qa8+ 62. Kc5 Qf8+ 63. Kb6 Qd8+ 64. Ka7 Qe7+ 65. Ka6
Qa3+ 66. Qa5 Qd3 67. Qb6+ Kg7 68. Qc7+ Kh8 69. Qe5+ Kh7 70. Kb5 Qb3+ 71. Kc5
Qa3+ 72. Kd5 Qa8+ 73. Kd6 Qa6+ 74. Kc5 Qa5+ 75. Kc6 Qa6+ 76. Kd5 Qa8+ 77. Kd6
Qa6+ 78. Ke7 Qxc4 79. Qh5+ Kg7 80. Qe5+ Kh7 81. Qh5+ Kg7 82. Qe5+ Kh7 83. Kf6
Qc6+ 84. Qe6 Qg2 85. Qf5+ Kh6 86. Qf4+ Kh5 87. Qf5+ Kh6 88. Qf4+ Kh5 89. Ke5
Qg7+ 90. Ke4 Qb7+ 91. Ke3 Qb3+ 92. Ke2 Qa2+ 93. Kf3 Qb3+ 94. Qe3 Qd1+ 95. Kf2
Kg6 96. Qe6+ Kg5 97. d5 1/2-1/2

[Event "II Open"]
[Site "Bolzano - Bozen ITA"]
[Date "2007.05.27"]
[Round "4"]
[White "Dallaglio, Giovanni"]
[Black "Sader, Michael"]
[Result "1/2-1/2"]
[WhiteElo "2027"]
[BlackElo "2259"]
[PlyCount "98"]
[EventDate "2007.05.25"]

1. d4 Nf6 2. Nf3 c5 3. e3 e6 4. c4 Qc7 5. Nc3 a6 6. Bd3 d6 7. O-O Nbd7 8. b3
Be7 9. Bb2 b6 10. Qe2 Bb7 11. e4 cxd4 12. Nxd4 g5 13. f3 Ne5 14. Rfd1 Rf8 15.
Rac1 h5 16. Ba3 Ng6 17. g3 h4 18. g4 Nf4 19. Qe3 Nd7 20. Nce2 Ne5 21. Nxf4 gxf4
22. Qf2 b5 23. cxb5 Qa5 24. Bb2 Nxd3 25. Rxd3 axb5 26. a3 Kd7 27. e5 d5 28. b4
Qb6 29. h3 Rac8 30. Rdc3 Rc4 31. Nb3 Bd8 32. Nc5+ Ke8 33. Kh2 Be7 34. Rxc4 dxc4
35. Bd4 Qc6 36. Ne4 Qa6 37. Bb2 Bxe4 38. fxe4 Qc6 39. Qf3 Bg5 40. Rd1 Ke7 41.
Bd4 Rd8 42. Bc5+ Ke8 43. Rxd8+ Kxd8 44. Qd1+ Qd7 45. Bd6 Qa7 46. Bc5+ Qd7 47.
Bd6 Kc8 48. Qd4 Kb7 49. Kg2 Qc6 1/2-1/2

[Event "II Open"]
[Site "Bolzano - Bozen ITA"]
[Date "2007.05.27"]
[Round "4"]
[White "Facchetti, Lorenzo"]
[Black "Wieser, Christof"]
[Result "1-0"]
[WhiteElo "1440"]
[BlackElo "1308"]
[PlyCount "55"]
[EventDate "2007.05.25"]

1. d4 g6 2. c4 Bg7 3. Nc3 Nf6 4. e4 O-O 5. f3 Nc6 6. Be3 d6 7. Qd2 e5 8. d5 Nd4
9. Nge2 c5 10. dxc6 Nxc6 11. Bh6 Be6 12. Bxg7 Kxg7 13. Nd5 Rc8 14. Ng3 Nd4 15.
h4 b5 16. h5 Nxd5 17. exd5 Bxd5 18. hxg6 Bxf3 19. Qh6+ Kf6 20. g7+ Ke7 21.
gxf8=Q+ Qxf8 22. Qxf8+ Rxf8 23. gxf3 Nc2+ 24. Kd2 Nxa1 25. cxb5 Rc8 26. Bd3 e4
27. Bxe4 d5 28. Bd3 1-0

[Event "II Open"]
[Site "Bolzano - Bozen ITA"]
[Date "2007.05.27"]
[Round "4"]
[White "Gerstl, Karl"]
[Black "Wieser, Josef"]
[Result "0-1"]
[WhiteElo "1826"]
[BlackElo "1605"]
[PlyCount "58"]
[EventDate "2007.05.25"]

1. Nf3 Nc6 2. c3 e5 3. e4 Nf6 4. Qa4 Be7 5. d4 exd4 6. e5 Nd5 7. cxd4 Nb6 8.
Qd1 d5 9. Bb5 Bd7 10. O-O O-O 11. Nc3 f6 12. Bd3 Bg4 13. Be2 Bf5 14. a3 fxe5
15. dxe5 d4 16. Qb3+ Kh8 17. Rd1 Qd7 18. Rd2 Rad8 19. Bb5 Na5 20. Qd1 c6 21.
Rxd4 Qe6 22. Bf1 Nb3 23. Be3 Nxd4 24. Nxd4 Qxe5 25. Qh5 Rxd4 26. Bxd4 Qxd4 27.
Rd1 Qxf2+ 28. Kxf2 Bg4+ 29. Qf7 Rxf7+ 0-1

[Event "II Open"]
[Site "Bolzano - Bozen ITA"]
[Date "2007.05.27"]
[Round "4"]
[White "Kaserer, Hans-Peter"]
[Black "Niederkofler, Andreas"]
[Result "1-0"]
[WhiteElo "1982"]
[BlackElo "1691"]
[PlyCount "94"]
[EventDate "2007.05.25"]

1. d4 Nf6 2. c4 e6 3. Nc3 Bb4 4. Qc2 O-O 5. Nf3 b6 6. a3 Bxc3+ 7. Qxc3 Bb7 8.
Bg5 d6 9. e3 Nbd7 10. Bd3 c5 11. O-O h6 12. Bh4 cxd4 13. Nxd4 Ne5 14. Nb5 a6
15. Bxf6 gxf6 16. Nd4 Kh8 17. e4 Rg8 18. Bc2 d5 19. cxd5 exd5 20. Qh3 Qf8 21.
Nf5 dxe4 22. Nxh6 Rxg2+ 23. Kxg2 e3+ 24. f3 Qg7+ 25. Ng4+ Kg8 26. Qg3 Nxg4 27.
Be4 e2 28. Rg1 Bxe4 29. fxe4 Ne5 30. Qxg7+ Kxg7 31. Kf2+ Kf8 32. Kxe2 Rc8 33.
Rac1 Re8 34. h4 Ng6 35. h5 Nf4+ 36. Kf3 Nxh5 37. Rh1 Ng7 38. Rh8+ Ke7 39. Rxe8+
Nxe8 40. Rc6 Nd6 41. Rxb6 Nc4 42. Rb7+ Ke6 43. a4 Ke5 44. b3 Na5 45. Rb6 f5 46.
exf5 Kxf5 47. b4 Ke5 1-0

[Event "II Open"]
[Site "Bolzano - Bozen ITA"]
[Date "2007.05.27"]
[Round "4"]
[White "Nicolodi, Raoul"]
[Black "Nischler, Hermann"]
[Result "1-0"]
[WhiteElo "1500"]
[BlackElo "1580"]
[PlyCount "97"]
[EventDate "2007.05.25"]

1. d4 c5 2. c3 Nf6 3. Bf4 e6 4. e3 d5 5. Bd3 c4 6. Bc2 Bd6 7. Bg5 h6 8. Bh4 b5
9. a3 a5 10. Nd2 Qc7 11. Ngf3 g5 12. Bg3 Bxg3 13. hxg3 Nc6 14. Nxg5 Bd7 15. Qf3
Ke7 16. Nh3 Rag8 17. Qf4 e5 18. dxe5 Qxe5 19. Qxe5+ Nxe5 20. Nf3 Nxf3+ 21. gxf3
a4 22. Nf4 Be6 23. Ke2 h5 24. Rh2 Rh6 25. Rah1 Rgh8 26. g4 Nd7 27. g5 R6h7 28.
Bxh7 Rxh7 29. Rxh5 Rg7 30. Nxe6 Kxe6 31. f4 Nc5 32. Rh6+ Ke7 33. Rb6 Nd3 34.
Rxb5 Kd6 35. Rh6+ Rg6 36. Rxg6+ fxg6 37. Rb6+ Kc5 38. Rxg6 Nxb2 39. Rh6 Nd3 40.
g6 Nc1+ 41. Kd2 Nb3+ 42. Kc2 d4 43. exd4+ Kd5 44. g7 Ke4 45. g8=Q Na1+ 46. Kb2
Kd3 47. Qg3+ Kd2 48. Qe3+ Kd1 49. Rh1# 1-0

[Event "II Open"]
[Site "Bolzano - Bozen ITA"]
[Date "2007.05.27"]
[Round "4"]
[White "Paltrinieri, Nicholas"]
[Black "Bevilacqua, Maurizio"]
[Result "0-1"]
[WhiteElo "1872"]
[BlackElo "2170"]
[PlyCount "76"]
[EventDate "2007.05.25"]

1. f4 d5 2. Nf3 Nf6 3. e3 c5 4. b3 Nc6 5. Bb5 Qb6 6. c4 a6 7. Bxc6+ Qxc6 8. O-O
dxc4 9. Ne5 Qc7 10. bxc4 e6 11. Bb2 Be7 12. d4 O-O 13. Nd2 b6 14. Qb3 Bb7 15.
Ndf3 h6 16. Ba3 Be4 17. Rfd1 Rfd8 18. Rd2 Bh7 19. Rc1 Ne4 20. Rb2 f6 21. Nd3
Rab8 22. Nf2 Nxf2 23. Kxf2 Qc6 24. Rd1 Bd6 25. Rbd2 Be4 26. Qc3 Qc7 27. h3 Be7
28. Qb3 Qc8 29. dxc5 bxc5 30. Rxd8+ Bxd8 31. Qa4 Kh7 32. Rd6 Rb6 33. Qd7 Qb8
34. Bxc5 Rb2+ 35. Kg3 Ba5 36. Rd1 Rxa2 37. Qxe6 Qb7 38. Qe7 Rxg2+ 0-1

[Event "II Open"]
[Site "Bolzano - Bozen ITA"]
[Date "2007.05.27"]
[Round "4"]
[White "Pichler, Christoph"]
[Black "Rinaldo, Gaetano"]
[Result "1-0"]
[WhiteElo "1587"]
[BlackElo "1700"]
[PlyCount "113"]
[EventDate "2007.05.25"]

1. e4 e6 2. d4 d5 3. Nd2 Nf6 4. e5 Nfd7 5. f4 c5 6. c3 Nc6 7. Ndf3 Qa5 8. Bd2
Qb6 9. Bc1 cxd4 10. cxd4 Bb4+ 11. Kf2 f6 12. Be3 fxe5 13. fxe5 O-O 14. g3 Rf7
15. Bh3 Nf8 16. Kg2 h6 17. Ne2 Bd7 18. a3 Be7 19. Qd3 Na5 20. b4 Bb5 21. Qd1
Nc4 22. Bf2 Ng6 23. Rf1 Raf8 24. Bg4 Nb2 25. Qc2 Nd3 26. Bh5 Rf5 27. Bg4 R5f7
28. Bg1 Nh8 29. Nc3 Nf4+ 30. gxf4 Bxf1+ 31. Rxf1 Rxf4 32. Bh3 Qc6 33. Be3 R4f7
34. b5 Qc8 35. Qd3 Bxa3 36. Nxd5 Bb2 37. Bg4 Rd8 38. Nf4 Re7 39. Qb3 Qc3 40.
Bxe6+ Kh7 41. Qxc3 Bxc3 42. Rc1 Bb4 43. h4 g6 44. Bh3 a5 45. bxa6 bxa6 46. Rc6
a5 47. Nxg6 Rg7 48. h5 Kg8 49. Bxh6 Ra7 50. Be6+ Kh7 51. Be3 a4 52. d5 Rb7 53.
Ra6 a3 54. Nxh8 Kxh8 55. h6 Rb5 56. Bg5 Re8 57. Ra7 1-0

[Event "II Open"]
[Site "Bolzano - Bozen ITA"]
[Date "2007.05.27"]
[Round "4"]
[White "Scharrer, Patrick"]
[Black "De Bettin, Sergio"]
[Result "1-0"]
[WhiteElo "2161"]
[BlackElo "1840"]
[PlyCount "63"]
[EventDate "2007.05.25"]

1. e4 c6 2. d4 d5 3. Nc3 dxe4 4. Nxe4 Bf5 5. Ng3 Bg6 6. Nf3 e6 7. h4 h6 8. h5
Bh7 9. Bd3 Bxd3 10. Qxd3 Nd7 11. Bd2 Ngf6 12. O-O-O Qc7 13. Ne4 Be7 14. Kb1
O-O-O 15. g3 Nxe4 16. Qxe4 Bd6 17. c4 c5 18. Bc3 Rhe8 19. Qe2 f6 20. Rhe1 Re7
21. Nh4 Ree8 22. Qg4 cxd4 23. Bxd4 Ne5 24. Bxe5 Bxe5 25. f4 Rxd1+ 26. Rxd1 Bd6
27. Qe2 Kb8 28. Nf5 Bc5 29. Nd4 Qf7 30. Nb5 e5 31. fxe5 fxe5 32. Qxe5+ 1-0

[Event "II Open"]
[Site "Bolzano - Bozen ITA"]
[Date "2007.05.27"]
[Round "4"]
[White "Sinner, Armin"]
[Black "Pichler, Klaus"]
[Result "1/2-1/2"]
[WhiteElo "1506"]
[BlackElo "1875"]
[PlyCount "58"]
[EventDate "2007.05.25"]

1. d4 Nf6 2. c4 e5 3. a3 exd4 4. Qxd4 Nc6 5. Qd1 a5 6. Nf3 Bc5 7. Nc3 O-O 8.
Bg5 d6 9. Nd5 Bxf2+ 10. Kxf2 Ne4+ 11. Kg1 Nxg5 12. h4 Nxf3+ 13. exf3 Ne7 14.
Ne3 f5 15. Bd3 f4 16. Nd5 c6 17. Nxe7+ Qxe7 18. Qc2 h6 19. Be4 Qf6 20. Rd1 a4
21. Kf2 Rd8 22. Qd2 Be6 23. Qb4 Bf5 24. Bxf5 Qxf5 25. Rd2 Qc5+ 26. Qxc5 dxc5
27. Rhd1 Rxd2+ 28. Rxd2 Rb8 29. Re2 Kf7 1/2-1/2

[Event "II Open"]
[Site "Bolzano - Bozen ITA"]
[Date "2007.05.27"]
[Round "4"]
[White "Wendel, Liu"]
[Black "Danti, Alessandro"]
[Result "0-1"]
[WhiteElo "1404"]
[BlackElo "1431"]
[PlyCount "102"]
[EventDate "2007.05.25"]

1. e4 e6 2. d4 d5 3. e5 c5 4. Nf3 Nc6 5. Bb5 Qb6 6. Bxc6+ Qxc6 7. O-O Ne7 8.
Be3 Nf5 9. Nc3 Nxe3 10. fxe3 cxd4 11. exd4 h6 12. a3 Be7 13. Nd2 Qb6 14. Nb3 a5
15. a4 Bd7 16. Qg4 Rg8 17. Qh5 O-O-O 18. Rxf7 Be8 19. Nb5 Bxf7 20. Qxf7 Rde8
21. Nc5 Bxc5 22. dxc5 Qxc5+ 23. Kh1 Qe7 24. Qf3 Kd8 25. Qc3 b6 26. Qc6 Qc5 27.
Qa8+ Ke7 28. Qb7+ Kd8 29. Qb8+ Ke7 30. Qb7+ Kd8 31. Nd6 Qc7 32. Qxc7+ Kxc7 33.
Nxe8+ Rxe8 34. c3 Rf8 35. Kg1 Kc6 36. b4 Rf4 37. bxa5 bxa5 38. Ra3 Rc4 39. Kf2
g5 40. h3 Re4 41. Kf3 Rxe5 42. Kg4 Re2 43. g3 Re3 44. h4 gxh4 45. gxh4 d4 46.
Kf4 Rxc3 47. Rxc3+ dxc3 48. Kg4 c2 49. Kh5 c1=Q 50. Kg6 Qf4 51. Kh5 e5 0-1

[Event "II Open"]
[Site "Bolzano - Bozen ITA"]
[Date "2007.05.27"]
[Round "5"]
[White "Bernardi, Ruben"]
[Black "Scharrer, Patrick"]
[Result "0-1"]
[WhiteElo "2109"]
[BlackElo "2161"]
[PlyCount "112"]
[EventDate "2007.05.25"]

1. e4 d5 2. exd5 Qxd5 3. Nc3 Qd6 4. g3 Nf6 5. Bg2 Nc6 6. Nb5 Qd7 7. Ne2 e5 8.
a4 a6 9. Na3 Bc5 10. O-O Qf5 11. c3 e4 12. b4 Ba7 13. Nc4 O-O 14. Nf4 Ne5 15.
Nxe5 Qxe5 16. d4 exd3 17. Nxd3 Qf5 18. Nf4 Re8 19. Ra2 g5 20. Nd5 Be6 21. Rd2
Nxd5 22. Bxd5 c6 23. Bxe6 Rxe6 24. Rd8+ Rxd8 25. Qxd8+ Kg7 26. Qxg5+ Qxg5 27.
Bxg5 Re2 28. Kg2 b5 29. axb5 axb5 30. Bf4 Rc2 31. h4 Kf6 32. Bc1 Ke6 33. Re1+
Kd5 34. Be3 Bxe3 35. Rxe3 Kc4 36. Rf3 Rxc3 37. Rxf7 h5 38. Rf4+ Kb3 39. g4 hxg4
40. Rxg4 c5 41. bxc5 b4 42. Rg8 Rxc5 43. Rb8 Kc4 44. Kg3 Rb5 45. Rc8+ Kd4 46.
Rc1 b3 47. Kg4 b2 48. Rb1 Kc3 49. f4 Kc2 50. Rxb2+ Rxb2 51. f5 Kd3 52. Kg5 Ke4
53. f6 Ke5 54. f7 Rf2 55. Kg6 Ke6 56. h5 Rg2+ 0-1

[Event "II Open"]
[Site "Bolzano - Bozen ITA"]
[Date "2007.05.27"]
[Round "5"]
[White "Bevilacqua, Maurizio"]
[Black "Dallaglio, Giovanni"]
[Result "1-0"]
[WhiteElo "2170"]
[BlackElo "2027"]
[PlyCount "63"]
[EventDate "2007.05.25"]

1. d4 d5 2. c4 dxc4 3. Nf3 Nf6 4. e3 e6 5. Bxc4 c5 6. O-O a6 7. a4 Nc6 8. Nc3
Qc7 9. Qe2 Bd6 10. h3 O-O 11. Rd1 b6 12. dxc5 Bxc5 13. e4 Bb7 14. e5 Nd7 15.
Bf4 Rfd8 16. Rac1 Nf8 17. Bg3 Nb4 18. Ne4 Rxd1+ 19. Rxd1 Bxe4 20. Qxe4 Rd8 21.
Rxd8 Qxd8 22. b3 a5 23. h4 h6 24. Kh2 Qd7 25. Qe2 Ng6 26. Nd2 Qd4 27. Ne4 Ne7
28. Nd6 Bxd6 29. exd6 Nf5 30. Qe5 Nc6 31. Qxd4 Nfxd4 32. d7 1-0

[Event "II Open"]
[Site "Bolzano - Bozen ITA"]
[Date "2007.05.27"]
[Round "5"]
[White "Danti, Alessandro"]
[Black "Nischler, Hermann"]
[Result "1/2-1/2"]
[WhiteElo "1431"]
[BlackElo "1580"]
[PlyCount "139"]
[EventDate "2007.05.25"]

1. d4 c5 2. d5 e5 3. e4 d6 4. h3 f5 5. Qh5+ g6 6. Qe2 Nf6 7. Nc3 a6 8. Nf3 fxe4
9. Nxe4 Nxe4 10. Qxe4 Bf5 11. Qe2 Bg7 12. Ng5 O-O 13. Qc4 b5 14. Qe2 h6 15. Ne6
Bxe6 16. dxe6 Ra7 17. Be3 Re7 18. Qg4 Rf6 19. Bd3 Rexe6 20. c4 b4 21. Be4 Kh7
22. Bd5 Re8 23. h4 Qd7 24. Qg3 Qf5 25. Kd2 Nd7 26. h5 g5 27. f3 Kh8 28. Be4 Qe6
29. b3 Nf8 30. Rad1 Qd7 31. Kc1 Ne6 32. Bg6 Ref8 33. Rhe1 Qc7 34. Rd2 Nf4 35.
Bxf4 Rxf4 36. Be4 a5 37. Red1 R4f6 38. Rd5 Rd8 39. Qe1 Qe7 40. Qd2 Bf8 41. Qd3
Qg7 42. Rxc5 Qa7 43. Rxe5 Qf2 44. Qd2 Qg3 45. Rxa5 Bg7 46. Ra7 g4 47. Qc2 Rff8
48. Bd5 Qe5 49. Rxg7 Qxg7 50. Kb1 Rde8 51. Be4 Rd8 52. Rd5 gxf3 53. Bxf3 Qg3
54. Qd2 Rf6 55. Qd4 Rdf8 56. c5 dxc5 57. Rxc5 Qf4 58. Qd3 Rd6 59. Qe2 Rfd8 60.
Qb2+ Qd4 61. Qxd4+ Rxd4 62. Rb5 Kg7 63. Rb7+ R8d7 64. Rxd7+ Rxd7 65. Kc2 Kf6
66. Kb2 Rd8 67. Kb1 Ke5 68. Kb2 Kd4 69. Kb1 Ke3 70. Kb2 1/2-1/2

[Event "II Open"]
[Site "Bolzano - Bozen ITA"]
[Date "2007.05.27"]
[Round "5"]
[White "De Bettin, Sergio"]
[Black "Nicolodi, Raoul"]
[Result "1/2-1/2"]
[WhiteElo "1840"]
[BlackElo "1500"]
[PlyCount "160"]
[EventDate "2007.05.25"]

1. e4 e5 2. Nf3 Nc6 3. Bb5 a6 4. Bxc6 dxc6 5. h3 Qf6 6. d3 Bd6 7. Be3 Be6 8.
Nbd2 O-O-O 9. Bg5 Qg6 10. Bxd8 Kxd8 11. Rg1 Nf6 12. Nf1 Nh5 13. Qd2 f6 14. a3
Kc8 15. Ne3 Nf4 16. O-O-O Rd8 17. Kb1 Bg8 18. c4 b5 19. Qc2 Qf7 20. Rge1 Bc5
21. Ng1 bxc4 22. dxc4 Ne6 23. Rxd8+ Kxd8 24. Qa4 Bxe3 25. Rxe3 Nc5 26. Qc2 Qxc4
27. Qxc4 Bxc4 28. Rc3 Nxe4 29. Rc1 Bd5 30. f3 Ng3 31. Re1 e4 32. Kc1 Kd7 33.
Kd2 Kd6 34. fxe4 Nxe4+ 35. Ke3 Ng5 36. h4 Ne6 37. g3 Nc5 38. Ne2 Na4 39. Rb1
Ba2 40. Rd1+ Ke6 41. Nd4+ Kd5 42. Nf5+ Ke5 43. Nxg7 Nxb2 44. Rd7 Nc4+ 45. Kf2
Nxa3 46. Rxc7 Kd6 47. Ne8+ Kd5 48. Nxf6+ Kd6 49. Ne8+ Kd5 50. Rxh7 c5 51. Nc7+
Kd4 52. Nxa6 c4 53. Nb4 Bb1 54. Re7 Nb5 55. Rb7 Kc5 56. Na6+ Kc6 57. Rb8 c3 58.
Re8 c2 59. Nb4+ Kc5 60. Nxc2 Bxc2 61. h5 Kd6 62. Re2 Bf5 63. Re1 Nd4 64. Re8
Ne6 65. h6 Ke5 66. Kf3 Kf6 67. g4 Bg6 68. Rh8 Kf7 69. Kg3 Ng5 70. Rb8 Ne6 71.
Kh4 Nf8 72. g5 Ne6 73. Kg4 Bh7 74. Ra8 Kg6 75. Ra6 Kf7 76. Kh5 Bg6+ 77. Kh4 Bh7
78. Ra7+ Kg6 79. Rxh7 Kxh7 80. Kh5 Nxg5 1/2-1/2

[Event "II Open"]
[Site "Bolzano - Bozen ITA"]
[Date "2007.05.27"]
[Round "5"]
[White "Delago, Hans"]
[Black "Wendel, Liu"]
[Result "0-1"]
[WhiteElo "1473"]
[BlackElo "1404"]
[PlyCount "76"]
[EventDate "2007.05.25"]

1. d4 d5 2. c4 e6 3. Nc3 c5 4. Nf3 Nf6 5. Bg5 cxd4 6. Qxd4 Be7 7. e3 Nc6 8. Qd1
O-O 9. cxd5 exd5 10. Bxf6 Bxf6 11. Bd3 d4 12. Ne4 Be7 13. O-O Bg4 14. h3 Bh5
15. Ng3 Bg6 16. exd4 Nxd4 17. Bxg6 Nxf3+ 18. Qxf3 fxg6 19. Qb3+ Rf7 20. Rad1
Qc7 21. Rd3 Raf8 22. Rc3 Qe5 23. Re3 Qc7 24. Rfe1 Kh8 25. R1e2 Bg5 26. Re8 Bh4
27. R2e7 Bxe7 28. Qxf7 Qc5 29. Rxf8+ Bxf8 30. Qxb7 h6 31. Qf7 Kh7 32. a3 Bd6
33. Kh2 Qd4 34. b4 h5 35. h4 Qxh4+ 36. Kg1 Qd4 37. Qf3 h4 38. Ne4 Qa1+ 0-1

[Event "II Open"]
[Site "Bolzano - Bozen ITA"]
[Date "2007.05.27"]
[Round "5"]
[White "Fox, Jonas"]
[Black "Gasparro, Antonio"]
[Result "1/2-1/2"]
[WhiteElo "1995"]
[BlackElo "1473"]
[PlyCount "55"]
[EventDate "2007.05.25"]

1. e4 d5 2. exd5 Nf6 3. Nc3 e6 4. Nf3 exd5 5. d4 Bb4 6. a3 Bc5 7. b4 Bb6 8. Bg5
O-O 9. Qd2 Re8+ 10. Be2 a6 11. Bxf6 Qxf6 12. Nxd5 Qd6 13. Nxb6 cxb6 14. O-O Be6
15. Ne5 Rd8 16. c3 Qxe5 17. dxe5 Rxd2 18. Bf3 Nc6 19. Rfe1 Rad8 20. a4 Rc2 21.
b5 Na5 22. Re3 Rdd2 23. Bxb7 Nxb7 24. bxa6 Nc5 25. a7 Bd5 26. a5 Rxf2 27. Rg3
Ne4 28. axb6 1/2-1/2

[Event "II Open"]
[Site "Bolzano - Bozen ITA"]
[Date "2007.05.27"]
[Round "5"]
[White "Pichler, Klaus"]
[Black "Delago, Elisabeth"]
[Result "1-0"]
[WhiteElo "1875"]
[BlackElo "1455"]
[PlyCount "69"]
[EventDate "2007.05.25"]

1. e4 c6 2. d4 d5 3. e5 Bf5 4. Ne2 e6 5. Ng3 Bg6 6. Bd3 Bxd3 7. Qxd3 Ne7 8. f4
Nd7 9. O-O g6 10. Nd2 Bh6 11. Rf2 b6 12. Ne2 c5 13. c3 Nf5 14. Nf1 O-O 15. g4
Ne7 16. Nfg3 f5 17. exf6 Nc6 18. g5 Bxg5 19. fxg5 c4 20. Qf3 Kh8 21. Bf4 Rf7
22. Qe3 Qe8 23. Re1 Nd8 24. Bc7 Rc8 25. Bxd8 Rxd8 26. Nf4 Rb8 27. Qxe6 Qxe6 28.
Rxe6 Rbf8 29. Nxd5 Kg8 30. Ne4 Ra8 31. Nd6 Rff8 32. Re7 Nb8 33. Rg7+ Kh8 34.
Nf7+ Rxf7 35. Rxf7 1-0

[Event "II Open"]
[Site "Bolzano - Bozen ITA"]
[Date "2007.05.27"]
[Round "5"]
[White "Pivovarov, Michail"]
[Black "Sinner, Armin"]
[Result "1-0"]
[WhiteElo "1973"]
[BlackElo "1506"]
[PlyCount "73"]
[EventDate "2007.05.25"]

1. b4 e5 2. Bb2 d6 3. c4 Nf6 4. Nc3 g6 5. e3 Bg7 6. Nf3 O-O 7. d3 Nc6 8. a3 Nh5
9. Be2 f5 10. Nd5 e4 11. Nd4 Nf6 12. Nxc6 bxc6 13. Nxf6+ Bxf6 14. Bxf6 Qxf6 15.
O-O Qg5 16. f4 Qe7 17. d4 d5 18. Qc2 Be6 19. Rac1 Rf7 20. Qa4 Bd7 21. Qa5 Be6
22. Rc3 g5 23. cxd5 cxd5 24. Rfc1 gxf4 25. exf4 Qf6 26. Rd1 Qh4 27. Rg3+ Kh8
28. Qa6 Re8 29. Qc6 Rfe7 30. Qc1 Rg8 31. Rxg8+ Kxg8 32. Rf1 Rg7 33. Qc6 Qf6 34.
Qe8+ Qf8 35. Qxe6+ Kh8 36. Qe5 c6 37. Rc1 1-0

[Event "II Open"]
[Site "Bolzano - Bozen ITA"]
[Date "2007.05.27"]
[Round "5"]
[White "Raich, Dominik"]
[Black "Pretto, Aldo"]
[Result "0-1"]
[WhiteElo "1440"]
[BlackElo "1491"]
[PlyCount "120"]
[EventDate "2007.05.25"]

1. e4 e5 2. Nf3 Nf6 3. Nxe5 d6 4. Nf3 Nxe4 5. Bd3 d5 6. O-O Be7 7. Re1 Nf6 8.
Nc3 O-O 9. b3 Bg4 10. Bb2 Nc6 11. Be2 Qd7 12. h3 Bh5 13. d4 Bd6 14. Qd3 Bg6 15.
Qd2 Nb4 16. Rec1 Rfe8 17. Ba3 Nxc2 18. Bxd6 Nxa1 19. Ba3 Nc2 20. Ne5 Qe6 21.
Bd3 Nxa3 22. Bxg6 fxg6 23. Qb2 Qe7 24. Re1 c6 25. Nd3 Qf8 26. Rxe8 Rxe8 27. Nc5
Nb5 28. Nxb7 Re1+ 29. Kh2 Qb8+ 30. g3 Qxb7 31. Qd2 Qe7 32. Na4 Re2 33. Qf4 Qe8
34. Nc5 Ne4 35. Nd3 Nxd4 36. Kg2 Rxa2 37. b4 Nf5 38. g4 Nh4+ 39. Kh2 Qf8 40.
Qe3 Nxf2 41. Qe6+ Kh8 42. Ne5 Nxg4+ 43. Kg3 Nxe5 44. Qxe5 Qf2+ 45. Kg4 Qf5+ 46.
Qxf5 Nxf5 47. Kf4 Re2 48. Kf3 Re7 49. Kg4 d4 50. h4 d3 51. b5 cxb5 52. h5 d2
53. hxg6 hxg6 54. Kf4 d1=Q 55. Kg5 Nh6 56. Kf4 Qd6+ 57. Kf3 Qf6+ 58. Kg2 Re5
59. Kg3 Rg5+ 60. Kh4 Qf4+ 0-1